000 00740nam a22001817a 4500
999 _c371624
_d371624
008 201127b ||||| |||| 00| 0 eng d
040 _aDE-2950
_bger
_cDE-2950
_erda
041 _ager
245 _a40 Meter tiefe Bohrungen am Helenesee abgebrochen.
_bTechnische Probleme: Am Tagebausee sind die geologischen Erkundungen zum Erliegen gekommen, die Sanierungsplanung wird sich sicher weiter verzögern /
_cThomas Gutke
264 _c2022
653 _aFrankfurt (Oder)
653 _aHelenesee
773 _dFrankfurt (Oder) Märkisches Verlags- und Druckhaus GmbH & Co KG
_tMärkische Oderzeitung
_g33. Jahrgang (2022) Nr. 115 vom 18.05.2022, S. 13
942 _cA